|
|
|
|
| LEADER |
01489nam a2200313 a 4500 |
| 001 |
2919 |
| 003 |
BD-DhAAL |
| 005 |
20151123124150.0 |
| 008 |
000927s2000 bg a b 000 0 beno |
| 010 |
|
|
|a 00372816
|
| 020 |
|
|
|a 9844940109
|
| 040 |
|
|
|a DLC
|c DLC
|d DLC
|d BD-DhAAL
|
| 050 |
0 |
0 |
|a HQ240.6.A5
|b K87 2000
|
| 082 |
|
|
|a 306.74/095492
|
| 100 |
1 |
|
|a কুররাতুল-আইন-তাহমিনা.
|9 16493
|
| 245 |
1 |
0 |
|a বাংলাদেশে যৌনতা বিক্রি, জীবনের দামে কেনা জীবিকা /
|c কুররাতুল-আইন-তাহমিনা, শিশির মোড়ল.
|
| 246 |
3 |
0 |
|a Jībanera dāme kenā jībikā
|
| 260 |
|
|
|a ঢাকা :
|b সোসাইটি ফর এনভায়রনমেন্ট এন্ড হিউম্যান ডেভেলপমেণ্ট (সেড),
|c ২০০০.
|
| 300 |
|
|
|a ২১৩ পৃ. :
|b চিত্র ;
|c ২২ সে.মি.
|
| 504 |
|
|
|a Includes bibliographical references (p. 210-213).
|
| 520 |
|
|
|a Study on prostitution in Bangladesh.
|
| 541 |
|
|
|e 2919
|
| 546 |
|
|
|a In Bengali.
|
| 650 |
|
0 |
|a Prostitution
|z Bangladesh.
|9 16494
|
| 700 |
1 |
|
|a Moṛala, Śiśira.
|9 16495
|
| 710 |
2 |
|
|a Society for Environment and Human Development (Dhaka, Bangladesh)
|9 8014
|
| 942 |
|
|
|2 ddc
|c BK
|
| 999 |
|
|
|c 36288
|d 36288
|
| 952 |
|
|
|0 0
|1 0
|2 ddc
|4 0
|7 0
|9 57041
|a SCL
|b SCL
|c GEN
|d 2015-11-23
|g 200.00
|l 2
|m 10
|p 3020002919
|r 2018-12-07
|s 2018-10-01
|w 2015-11-23
|y BK
|